The population bomb (Record no. 18547)
[ view plain ]
| 000 -LEADER | |
|---|---|
| fixed length control field | 00439nam a22001697a 4500 |
| 003 - CONTROL NUMBER IDENTIFIER | |
| control field | OSt |
| 005 - DATE AND TIME OF LATEST TRANSACTION | |
| control field | 20250512095206.0 |
| 008 - FIXED-LENGTH DATA ELEMENTS--GENERAL INFORMATION | |
| fixed length control field | 250512b |||||||| |||| 00| 0 eng d |
| 040 ## - CATALOGING SOURCE | |
| Original cataloging agency | SEKU |
| 050 ## - LIBRARY OF CONGRESS CALL NUMBER | |
| Classification number | HB 875 |
| Item number | .E35 |
| 100 ## - MAIN ENTRY--PERSONAL NAME | |
| Personal name | Ehrlich, Paul R. |
| 245 ## - TITLE STATEMENT | |
| Title | The population bomb |
| 260 ## - PUBLICATION, DISTRIBUTION, ETC. (IMPRINT) | |
| Place of publication, distribution, etc. | Great Britain |
| Name of publisher, distributor, etc. | Chancer Press, |
| Date of publication, distribution, etc. | 1971. |
| 440 ## - SERIES STATEMENT/ADDED ENTRY--TITLE | |
| Title | A Ballantine/friends of the earth book |
| 648 ## - SUBJECT ADDED ENTRY--CHRONOLOGICAL TERM | |
| General subdivision | Population. |
| 942 ## - ADDED ENTRY ELEMENTS (KOHA) | |
| Source of classification or shelving scheme | Library of Congress Classification |
| Koha item type | General circulation |
| Withdrawn status | Lost status | Source of classification or shelving scheme | Damaged status | Not for loan | Home library | Current library | Shelving location | Date acquired | Source of acquisition | Total Checkouts | Full call number | Barcode | Date last seen | Price effective from | Koha item type |
|---|---|---|---|---|---|---|---|---|---|---|---|---|---|---|---|
| Library of Congress Classification | SEHSS - Library | SEHSS - Library | General Stacks | 12/05/2025 | Donation | HB 875 .E35 | 2023/026200 | 12/05/2025 | 12/05/2025 | General circulation | |||||
| Library of Congress Classification | SEHSS - Library | SEHSS - Library | General Stacks | 12/05/2025 | Donation | HB 875 .E35 | 2023/026199 | 12/05/2025 | 12/05/2025 | General circulation |